|
|
|
|
| LEADER |
00915naa a2200229 i 4500 |
| 001 |
acta84669 |
| 005 |
20240409090136.0 |
| 008 |
240409s2012 hu o 0|| hun d |
| 020 |
|
|
|a 978 963 306 154 1
|
| 040 |
|
|
|a SZTE Egyetemi Kiadványok Repozitórium
|b hun
|
| 041 |
|
|
|a hun
|
| 100 |
1 |
|
|a Resch Béla A.
|
| 245 |
1 |
0 |
|a Köszöntő
|h [elektronikus dokumentum] /
|c Resch Béla A.
|
| 260 |
|
|
|a Szegedi Tudományegyetem Állam- és Jogtudományi Kar
|b Szeged
|c 2012
|
| 300 |
|
|
|a 69-71
|
| 490 |
0 |
|
|a Ünnepi e-könyv : Herczeg János professzor 70. születésnapjára
|
| 650 |
|
4 |
|a Orvos- és egészségtudomány
|
| 650 |
|
4 |
|a Általános orvostudomány
|
| 650 |
|
4 |
|a Klinikai orvostan
|
| 695 |
|
|
|a Herczeg János, Orvostudomány - Magyarország - 20-21. sz. - köszöntés
|
| 700 |
0 |
1 |
|a Szöllősi János
|e aut
|
| 856 |
4 |
0 |
|u http://acta.bibl.u-szeged.hu/84669/1/unnepi_ekonyv_herczeg_janos_2012_069-071.pdf
|z Dokumentum-elérés
|